000 00706nam a2200253Ia 4500
003 OSt
005 20220924124330.0
006 a|||||r|||| 00| 0
007 ta
008 220923b |||||||| |||| 00| 0 per d
020 _c20
024 _a327412
037 _cTextual
040 _aARTS
_cARTS
_bper
041 _2per
_aper
082 _aO164,1L451:g, N2
100 _aMahdi Akhtar Au.
_9195472
245 0 _aShah Ajmal's contribution to Persian literature
260 _aNew Delhi
_b Persian research centre India
_c1992
300 _a440p.
_ccm.
650 _aPERSIAN POETRY
942 _hO164,1L451:g, N2
_cTEXL
_2CC
999 _c419275
_d419275